[Event "4NCL/Div3/HAL vs. BCA"]
[Site "Daventry ENG"]
[Date "2009.10.24"]
[Round "1.1"]
[White "Pugh, Glyn D"]
[Black "Crouch, Colin S"]
[Result "1-0"]
[WhiteElo "1978"]
[BlackElo "2346"]
[PlyCount "83"]
[EventDate "2009.10.24"]
[SourceDate "2009.10.24"]

1. e4 d5 2. exd5 Qxd5 3. Nc3 Qd6 4. d4 Nf6 5. Be2 c6 6. Be3 Bf5 7. Qd2 e6 8. a3
Qc7 9. h3 Nbd7 10. Nf3 Bd6 11. O-O-O b5 12. g4 Bg6 13. g5 Ne4 14. Nxe4 Bxe4 15.
Rhf1 O-O 16. Ne5 Nxe5 17. dxe5 Bxe5 18. f4 Rad8 19. Qb4 Bf5 20. Rxd8 Rxd8 21.
fxe5 Qxe5 22. Qf4 Qxf4 23. Rxf4 Bxh3 24. Rh4 Bf5 25. Bf3 e5 26. Bxa7 h6 27.
gxh6 g5 28. Rh2 e4 29. Be2 Kh7 30. Bb6 Rd6 31. Bc5 Rxh6 32. Rxh6+ Kxh6 33. c4
Bd7 34. Kd2 f5 35. Ke3 Kg6 36. Bd6 Kf6 37. b3 Ke6 38. Bc7 Be8 39. Bd8 g4 40.
Bc7 Kd7 41. Be5 bxc4 42. bxc4 1-0

[Event "4NCL/Div3/HAL vs. BCA"]
[Site "Daventry ENG"]
[Date "2009.10.24"]
[Round "1.2"]
[White "Ross, Chris N"]
[Black "Hope, Gary"]
[Result "1-0"]
[WhiteElo "2207"]
[BlackElo "1938"]
[PlyCount "161"]
[EventDate "2009.10.24"]
[SourceDate "2009.10.24"]

1. e4 e5 2. Nf3 Nc6 3. Bb5 a6 4. Ba4 Nf6 5. O-O Be7 6. Re1 b5 7. Bb3 O-O 8. h3
Bb7 9. d3 d6 10. a3 Nb8 11. Nbd2 Nbd7 12. c3 c5 13. Bc2 Qc7 14. d4 cxd4 15.
cxd4 Rac8 16. Bb1 exd4 17. Nxd4 d5 18. exd5 Nxd5 19. Ne4 N7f6 20. Nf5 Rfe8 21.
Nxe7+ Rxe7 22. Bg5 Qc6 23. Qf3 Rce8 24. Nxf6+ Nxf6 25. Rxe7 Rxe7 26. Qxc6 Bxc6
27. Bxf6 gxf6 28. Bd3 Rd7 29. Rd1 Be4 30. Bc2 Rxd1+ 31. Bxd1 Kf8 32. f3 Bd5 33.
Kf2 Ke7 34. Ke3 Kd6 35. Kd4 Bc6 36. Bb3 Be8 37. Bd5 a5 38. b4 axb4 39. axb4 h6
40. f4 Bc6 41. Bxc6 Kxc6 42. Ke4 Kd6 43. Kf5 Kd5 44. Kxf6 Kc4 45. Kxf7 Kxb4 46.
f5 Kc4 47. f6 b4 48. Kg7 b3 49. f7 b2 50. f8=Q b1=Q 51. Qf4+ Kc5 52. Kxh6 Qb6+
53. Kh5 Qb7 54. Qg5+ Kd4 55. Kg6 Qe4+ 56. Kh6 Qe6+ 57. Qg6 Qe3+ 58. Kh7 Qe1 59.
Qd6+ Kc4 60. Qf4+ Kb5 61. Qg5+ Ka4 62. h4 Qb1+ 63. Kh6 Qb6+ 64. Kh5 Qc7 65. Qf5
Qe7 66. Kg4 Qg7+ 67. Kh3 Qc3+ 68. Qf3 Qe1 69. h5 Qh1+ 70. Kg4 Qe1 71. Qf4+ Kb5
72. h6 Qd1+ 73. Kg5 Qd8+ 74. Kh5 Qd1+ 75. g4 Qh1+ 76. Kg5 Qa8 77. Qf5+ Kc4 78.
h7 Qd8+ 79. Kg6 Qd6+ 80. Qf6 Qd3+ 81. Kg7 1-0

[Event "4NCL/Div3/HAL vs. BCA"]
[Site "Daventry ENG"]
[Date "2009.10.24"]
[Round "1.3"]
[White "Doran, Michael J"]
[Black "Mordue, A Tyson"]
[Result "0-1"]
[WhiteElo "1884"]
[BlackElo "2286"]
[PlyCount "40"]
[EventDate "2009.10.24"]
[SourceDate "2009.10.24"]

1. e4 c5 2. c3 d5 3. exd5 Qxd5 4. d4 e6 5. Nf3 Nf6 6. Be3 cxd4 7. cxd4 Be7 8.
Nc3 Qd8 9. Bd3 Nc6 10. Rc1 O-O 11. O-O Nb4 12. Bb1 b6 13. Ne5 Bb7 14. a3 Nbd5
15. Nxd5 Qxd5 16. f3 Rac8 17. Qd2 Bd6 18. Bd3 Bxe5 19. dxe5 Qxe5 20. Bd4 Qxd4+
0-1

[Event "4NCL/Div3/HAL vs. BCA"]
[Site "Daventry ENG"]
[Date "2009.10.24"]
[Round "1.4"]
[White "Armstrong, William G"]
[Black "Lee, Darren"]
[Result "1/2-1/2"]
[WhiteElo "1966"]
[BlackElo "1890"]
[PlyCount "87"]
[EventDate "2009.10.24"]
[SourceDate "2009.10.24"]

1. d4 Nf6 2. Nf3 g6 3. Nc3 Bg7 4. e4 d6 5. Be3 O-O 6. Qd2 Nc6 7. Bh6 e5 8. Bxg7
Kxg7 9. d5 Ne7 10. O-O-O a6 11. h3 b5 12. Bd3 b4 13. Nb1 a5 14. g4 Bd7 15. Qe1
Qb8 16. Bc4 a4 17. c3 Bb5 18. Qe2 Bxc4 19. Qxc4 bxc3 20. Nxc3 Qa7 21. g5 Nh5
22. Rh2 Rfb8 23. Rd2 Qa5 24. a3 Rb3 25. Rc2 Nf4 26. Nd2 Rb7 27. f3 Qa7 28. Qf1
Qd4 29. Nd1 Rab8 30. Nc4 Qa7 31. h4 Nc8 32. h5 Nxh5 33. Rxh5 gxh5 34. Qh3 Ne7
35. Qxh5 Kf8 36. Qh6+ Ke8 37. Qxh7 Ng6 38. Nce3 Rb3 39. Qg8+ Nf8 40. Nf5 Rxf3
41. Rh2 Qc5+ 42. Rc2 Qa7 43. Qg7 Ng6 44. Qg8+ 1/2-1/2

[Event "4NCL/Div3/HAL vs. BCA"]
[Site "Daventry ENG"]
[Date "2009.10.24"]
[Round "1.5"]
[White "Asbury, Jon A"]
[Black "Burnell, Steve"]
[Result "1/2-1/2"]
[WhiteElo "1786"]
[BlackElo "1898"]
[PlyCount "92"]
[EventDate "2009.10.24"]
[SourceDate "2009.10.24"]

1. d4 d5 2. c4 dxc4 3. e3 Nf6 4. Nc3 e6 5. Bxc4 Be7 6. Nf3 O-O 7. O-O c5 8. d5
exd5 9. Nxd5 Nxd5 10. Bxd5 Nd7 11. Qb3 Qb6 12. Qc2 Nf6 13. Bc4 Be6 14. b3 Bxc4
15. Qxc4 Qb4 16. Qxb4 cxb4 17. Bb2 Rac8 18. Rac1 h6 19. Rxc8 Rxc8 20. Rc1 Rxc1+
21. Bxc1 Nd5 22. Bb2 Bc5 23. Kf1 f6 24. Ke2 Kf7 25. Kd3 b5 26. Ke4 Ke6 27. Nd4+
Bxd4 28. Kxd4 Kd6 29. g3 a5 30. e4 Nc7 31. f4 Ne6+ 32. Ke3 a4 33. bxa4 bxa4 34.
Kd3 Kc5 35. f5 Nc7 36. e5 fxe5 37. Bxe5 Ne8 38. g4 Kd5 39. Bb2 Kc5 40. h4 Kd5
41. g5 hxg5 42. hxg5 Nd6 43. Bxg7 Nxf5 44. Bf8 b3 45. axb3 axb3 46. Kc3 Ke6
1/2-1/2

[Event "4NCL/Div3/HAL vs. BCA"]
[Site "Daventry ENG"]
[Date "2009.10.24"]
[Round "1.6"]
[White "Hilton, Steve H"]
[Black "Peck, Windsor WA"]
[Result "1-0"]
[WhiteElo "1891"]
[BlackElo "1856"]
[PlyCount "75"]
[EventDate "2009.10.24"]
[SourceDate "2009.10.24"]

1. Nf3 d5 2. d4 Nf6 3. e3 e6 4. Bd3 Nbd7 5. O-O Be7 6. b3 O-O 7. Bb2 b6 8. Ne5
Bb7 9. Nd2 c5 10. f4 a6 11. Qf3 b5 12. f5 Qb6 13. Qh3 Rfd8 14. fxe6 fxe6 15.
Nxd7 Rxd7 16. dxc5 Bxc5 17. Bxf6 Bxe3+ 18. Kh1 gxf6 19. Rxf6 Bxd2 20. Rxe6 Qc7
21. Rf1 Rg7 22. Re2 Bb4 23. Qh5 Bc6 24. Bf5 d4 25. Be6+ Kh8 26. Bd5 Rd8 27.
Bxc6 Qxc6 28. Qe5 Qd6 29. Qh5 Rdg8 30. Rf7 Qg6 31. Qxg6 Rxg6 32. Rf4 Bc3 33.
Rf7 R6g7 34. Rf5 h6 35. h3 Kh7 36. g4 Kg6 37. Re6+ Kh7 38. Rxa6 1-0

[Event "4NCL/Div3/OXF3 vs. KJCAK"]
[Site "Daventry ENG"]
[Date "2009.10.24"]
[Round "1.1"]
[White "Rawlinson, Christopher JA"]
[Black "Jones, William EG"]
[Result "1/2-1/2"]
[WhiteElo "2048"]
[BlackElo "2084"]
[PlyCount "52"]
[EventDate "2009.10.24"]
[SourceDate "2009.10.24"]

1. e4 c5 2. Nc3 Nc6 3. g3 g6 4. Bg2 Bg7 5. d3 d6 6. Be3 Qa5 7. Nge2 Nd4 8. O-O
e6 9. Bd2 Qb6 10. Rb1 Ne7 11. b4 cxb4 12. Nxd4 Bxd4 13. Ne2 Bg7 14. Bxb4 Qc7
15. f4 O-O 16. c4 Rb8 17. Qa4 Nc6 18. Ba3 Rd8 19. Rfc1 Nd4 20. Nxd4 Bxd4+ 21.
Kh1 b6 22. Qc2 Bb7 23. Bb2 Qc5 24. Bxd4 Qxd4 25. Qc3 Qxc3 26. Rxc3 Bc6 1/2-1/2

[Event "4NCL/Div3/OXF3 vs. KJCAK"]
[Site "Daventry ENG"]
[Date "2009.10.24"]
[Round "1.2"]
[White "Jones, Victor GL"]
[Black "Ludbrook, Matthew"]
[Result "1-0"]
[WhiteElo "2062"]
[BlackElo "2011"]
[PlyCount "61"]
[EventDate "2009.10.24"]
[SourceDate "2009.10.24"]

1. e4 e6 2. d4 d5 3. Nc3 Bb4 4. e5 c5 5. a3 Bxc3+ 6. bxc3 Ne7 7. Qg4 O-O 8. Bd3
f5 9. exf6 Rxf6 10. Bg5 Nd7 11. Qh4 h6 12. Bxf6 Nxf6 13. Nf3 c4 14. Be2 Qa5 15.
O-O Qxc3 16. Rae1 Qxc2 17. Bd1 Qc1 18. Qg3 Qxa3 19. Bc2 Nc6 20. Re3 Qf8 21. Rd1
b5 22. Ne5 Ne7 23. Rde1 a5 24. Rf3 Nf5 25. Qf4 Qd8 26. g4 Nd6 27. g5 hxg5 28.
Qxg5 Nf5 29. Bxf5 exf5 30. Nc6 Qf8 31. Ne7+ 1-0

[Event "4NCL/Div3/OXF3 vs. KJCAK"]
[Site "Daventry ENG"]
[Date "2009.10.24"]
[Round "1.3"]
[White "Neatherway, A Philip"]
[Black "Bayliss, Lyall CP"]
[Result "1-0"]
[WhiteElo "1922"]
[BlackElo "1960"]
[PlyCount "67"]
[EventDate "2009.10.24"]
[SourceDate "2009.10.24"]

1. e4 e5 2. Nf3 Nc6 3. Bb5 a6 4. Ba4 Nf6 5. Qe2 Be7 6. c3 b5 7. Bb3 O-O 8. a4
Bb7 9. d3 d6 10. Nbd2 Na5 11. Bc2 c5 12. Nf1 Qc7 13. Ng3 b4 14. O-O b3 15. Bd1
c4 16. dxc4 Rac8 17. Nd2 Qb6 18. Nf5 Rfe8 19. Nxe7+ Rxe7 20. Ra3 Qc6 21. Re1
Nxc4 22. Nxc4 Qxc4 23. Qxc4 Rxc4 24. f3 d5 25. Bxb3 Rc8 26. exd5 Nxd5 27. Bg5
f6 28. Bd2 Kh8 29. a5 Nc7 30. Raa1 Rd8 31. Be3 Nd5 32. Rad1 Red7 33. Ba4 Rd6
34. Bc5 1-0

[Event "4NCL/Div3/OXF3 vs. KJCAK"]
[Site "Daventry ENG"]
[Date "2009.10.24"]
[Round "1.4"]
[White "Lunn, Matthew"]
[Black "Vikanis, Eglis"]
[Result "1-0"]
[WhiteElo "1905"]
[BlackElo "1762"]
[PlyCount "103"]
[EventDate "2009.10.24"]
[SourceDate "2009.10.24"]

1. d4 d5 2. c4 e6 3. Nc3 Nf6 4. cxd5 exd5 5. Bg5 Be6 6. e3 c6 7. Bd3 Nbd7 8.
Nge2 Be7 9. O-O O-O 10. Qc2 h6 11. Bh4 Bd6 12. f3 Qc7 13. Bg3 Nh5 14. Nb5 cxb5
15. Qxc7 Bxc7 16. Bxc7 a6 17. e4 Rfc8 18. Rfc1 Nhf6 19. e5 Ne8 20. Ba5 Rc6 21.
f4 f5 22. g4 g6 23. gxf5 gxf5 24. Rxc6 bxc6 25. Rc1 Rc8 26. Be1 Kf7 27. Kg2 Ng7
28. Kf3 Nf8 29. a4 Bd7 30. Ra1 Nfe6 31. axb5 axb5 32. Bf2 Rc7 33. b4 Nf8 34.
Bh4 Nfe6 35. Ke3 Nf8 36. Ng3 Ng6 37. Bf6 Ne7 38. Bxg7 Kxg7 39. Rg1 Kf7 40. Nh5
Ng6 41. Nf6 Ne7 42. Ra1 Ng8 43. Nxd7 Rxd7 44. Bxf5 Rc7 45. Bd3 Ne7 46. f5 Ng8
47. Rc1 Ne7 48. f6 Ng6 49. Rg1 Nxe5 50. Rg7+ Kxf6 51. Rxc7 Ng4+ 52. Kf4 1-0

[Event "4NCL/Div3/OXF3 vs. KJCAK"]
[Site "Daventry ENG"]
[Date "2009.10.24"]
[Round "1.5"]
[White "Langham, Rod E"]
[Black "Maguire, Robert"]
[Result "1/2-1/2"]
[WhiteElo "1786"]
[BlackElo "1825"]
[PlyCount "81"]
[EventDate "2009.10.24"]
[SourceDate "2009.10.24"]

1. d4 Nf6 2. Nf3 g6 3. e3 Bg7 4. Be2 d6 5. O-O O-O 6. c3 Nc6 7. Nbd2 e5 8. Nc4
e4 9. Nfd2 d5 10. Na3 Ne7 11. c4 c6 12. cxd5 Nexd5 13. Nab1 Bf5 14. Nc3 Bh6 15.
g4 Nxc3 16. bxc3 Be6 17. h3 Qc7 18. Qc2 Bxe3 19. Nxe4 Nxe4 20. Bxe3 f5 21. Bd3
Nd6 22. Bf4 fxg4 23. Be5 Rad8 24. hxg4 Bxg4 25. Bxg6 Qe7 26. f4 Nf5 27. Bxf5
Rxf5 28. Rf2 Kf7 29. Rh2 h5 30. Rb1 b6 31. Qb3+ Kf8 32. Rbb2 Qf7 33. Qa4 c5 34.
Qa3 Ke8 35. Qa4+ Kf8 36. Rbd2 Qe7 37. Qc6 cxd4 38. Qh6+ Ke8 39. Qg6+ Qf7 40.
Qc6+ Qd7 41. Qg6+ 1/2-1/2

[Event "4NCL/Div3/WWKS2 vs. CELT2"]
[Site "Daventry ENG"]
[Date "2009.10.24"]
[Round "1.1"]
[White "Clarke, Brandon GI"]
[Black "Thomas, Mark"]
[Result "1-0"]
[WhiteElo "2039"]
[BlackElo "2049"]
[PlyCount "89"]
[EventDate "2009.10.24"]
[SourceDate "2009.10.24"]

1. e4 d6 2. d4 Nf6 3. Nc3 c6 4. Be3 Qb6 5. Rb1 Ng4 6. Bc4 Nxe3 7. fxe3 e6 8.
Nf3 Be7 9. O-O Nd7 10. b4 d5 11. Bd3 Qc7 12. e5 a5 13. b5 c5 14. b6 Nxb6 15.
Nb5 Qd8 16. Ng5 Bxg5 17. Nd6+ Qxd6 18. exd6 Nd7 19. Qf3 O-O 20. h4 Bf6 21. c3
c4 22. Bc2 Ra6 23. e4 e5 24. exd5 exd4 25. cxd4 Rxd6 26. Qe4 g6 27. Rb5 Bg7 28.
Qf4 Rf6 29. Qe3 Rxf1+ 30. Kxf1 Nf6 31. d6 Re8 32. Re5 Rd8 33. Rxa5 Be6 34. d5
Bd7 35. Qb6 Re8 36. Ba4 Bxa4 37. Rxa4 c3 38. Rc4 h5 39. Qxb7 Ne4 40. d7 Nd2+
41. Kf2 Rf8 42. Rc8 Ne4+ 43. Ke2 Nd6 44. Rxf8+ Bxf8 45. Qb8 1-0

[Event "4NCL/Div3/WWKS2 vs. CELT2"]
[Site "Daventry ENG"]
[Date "2009.10.24"]
[Round "1.2"]
[White "Fathallah, Joe"]
[Black "Webster, Paul"]
[Result "0-1"]
[WhiteElo "1951"]
[BlackElo "2106"]
[PlyCount "80"]
[EventDate "2009.10.24"]
[SourceDate "2009.10.24"]

1. d4 Nf6 2. c4 g6 3. Nc3 d5 4. cxd5 Nxd5 5. e4 Nb6 6. Nf3 Bg7 7. Be2 O-O 8.
O-O c6 9. Be3 Be6 10. Ng5 Bc4 11. Bxc4 Nxc4 12. Qb3 Nb6 13. Rad1 N8d7 14. f4
Nf6 15. Kh1 Ng4 16. Bg1 e6 17. a4 Qe7 18. a5 Nd7 19. d5 e5 20. Qxb7 Rfb8 21.
Qxc6 exf4 22. Nf3 Nde5 23. Nxe5 Nxe5 24. Qc5 Qg5 25. Rf2 Rc8 26. Qb5 Rab8 27.
Qa6 Ng4 28. Rfd2 Ne3 29. Bxe3 fxe3 30. Re2 Be5 31. g3 Qh5 32. Kg2 Qg4 33. d6
Bxc3 34. bxc3 Rc6 35. Qd3 Rxc3 36. Qa6 Rc6 37. Qd3 Rxd6 38. Qxd6 Qxe2+ 39. Kh3
Qh5+ 40. Kg2 Rb2+ 0-1

[Event "4NCL/Div3/WWKS2 vs. CELT2"]
[Site "Daventry ENG"]
[Date "2009.10.24"]
[Round "1.3"]
[White "Weaving, Richard"]
[Black "Ryan, John"]
[Result "1-0"]
[WhiteElo "2098"]
[BlackElo "1920"]
[PlyCount "41"]
[EventDate "2009.10.24"]
[SourceDate "2009.10.24"]

1. e4 c5 2. c3 d6 3. d4 cxd4 4. cxd4 Nf6 5. Nc3 a6 6. Nf3 Bg4 7. Be3 Qa5 8. Bd3
Nbd7 9. O-O e5 10. h3 Bh5 11. g4 Nxg4 12. hxg4 Bxg4 13. Be2 Bxf3 14. Bxf3 h5
15. Nd5 h4 16. Rc1 Rb8 17. Qb3 exd4 18. Bxd4 Nc5 19. Qe3 Rh6 20. b4 Rg6+ 21.
Kh1 1-0

[Event "4NCL/Div3/WWKS2 vs. CELT2"]
[Site "Daventry ENG"]
[Date "2009.10.24"]
[Round "1.4"]
[White "O'Grady, Gary"]
[Black "Fallowfield, Jeremy"]
[Result "0-1"]
[WhiteElo "1914"]
[BlackElo "2048"]
[PlyCount "86"]
[EventDate "2009.10.24"]
[SourceDate "2009.10.24"]

1. e4 c5 2. Nf3 d6 3. d4 cxd4 4. Nxd4 Nf6 5. Nc3 g6 6. f3 Bg7 7. Be3 a6 8. Qd2
Nbd7 9. O-O-O b5 10. g4 Bb7 11. g5 Nh5 12. Nde2 Ne5 13. Nd4 Rc8 14. f4 Nc4 15.
Bxc4 Rxc4 16. Nd5 e6 17. Nc3 b4 18. Qd3 Qc8 19. Nce2 e5 20. b3 Rxd4 21. Nxd4
exd4 22. Bxd4 Nxf4 23. Qf3 Bxd4 24. Rxd4 Qc5 25. Rc4 Qxg5 26. Rf1 Nd3+ 27. Kb1
Ne5 28. Qf2 Nxc4 29. Qxf7+ Kd8 30. bxc4 Qe7 31. Qf2 Kc7 32. Qg3 Rf8 33. Rd1 Qe5
34. Qh3 h5 35. Re1 Bxe4 36. Qe3 Re8 37. Qa7+ Kd8 38. Qb6+ Kd7 39. Qa7+ Ke6 40.
Qe3 Kf7 41. Rf1+ Kg7 42. Qa7+ Re7 43. Qb8 Bxc2+ 0-1

[Event "4NCL/Div3/WWKS2 vs. CELT2"]
[Site "Daventry ENG"]
[Date "2009.10.24"]
[Round "1.5"]
[White "Statham, Robert"]
[Black "Wagner, Guy"]
[Result "1-0"]
[WhiteElo "1930"]
[BlackElo "1904"]
[PlyCount "65"]
[EventDate "2009.10.24"]
[SourceDate "2009.10.24"]

1. d4 e6 2. c4 f5 3. Nf3 Nf6 4. Nc3 d5 5. Bg5 c6 6. e3 Bd6 7. cxd5 exd5 8. Bd3
O-O 9. Qc2 Qd7 10. O-O Ne4 11. Ne2 Nxg5 12. Nxg5 Qe7 13. Nf3 Be6 14. Rfe1 Nd7
15. Nf4 g6 16. Nxe6 Qxe6 17. e4 fxe4 18. Rxe4 dxe4 19. Bc4 Qd5 20. Bxd5+ cxd5
21. Ng5 h6 22. Ne6 Rf6 23. Nc5 Rc8 24. Qb3 Nb6 25. Nxe4 Re6 26. Nxd6 Rxd6 27.
Qe3 g5 28. g3 Rdc6 29. Qe7 R8c7 30. Qe8+ Kg7 31. Re1 Rf7 32. Re7 Rc7 33. Qxf7+
1-0

[Event "4NCL/Div3/WWKS2 vs. CELT2"]
[Site "Daventry ENG"]
[Date "2009.10.24"]
[Round "1.6"]
[White "Buttell, David"]
[Black "Goodwin, Ed H"]
[Result "1-0"]
[WhiteElo "1761"]
[BlackElo "1898"]
[PlyCount "49"]
[EventDate "2009.10.24"]
[SourceDate "2009.10.24"]

1. d4 e6 2. c4 f5 3. g3 Nf6 4. Bg2 Be7 5. Nf3 d6 6. O-O O-O 7. b3 Ne4 8. e3 Bf6
9. Bb2 Nc6 10. Qc1 e5 11. dxe5 dxe5 12. Rd1 Qe8 13. Nc3 Nxc3 14. Bxc3 Qh5 15.
Qb2 f4 16. exf4 Bg4 17. Rd3 e4 18. Rd5 Qe8 19. Re1 Bxc3 20. Qxc3 Ne7 21. Rg5 g6
22. Rxg4 exf3 23. Bxf3 c6 24. Rg5 Qf7 25. Bg4 1-0

[Event "4NCL/Div3/OXF2 vs. SCS"]
[Site "Daventry ENG"]
[Date "2009.10.24"]
[Round "1.1"]
[White "Starkie, Ray J"]
[Black "Baptie, Justin P"]
[Result "1/2-1/2"]
[WhiteElo "2130"]
[BlackElo "2095"]
[PlyCount "46"]
[EventDate "2009.10.24"]
[SourceDate "2009.10.24"]

1. d4 Nf6 2. Nf3 e6 3. e3 b6 4. Bd3 Be7 5. O-O O-O 6. c4 d5 7. b3 c5 8. Bb2
Nbd7 9. Nbd2 Bb7 10. Qe2 Ne4 11. cxd5 exd5 12. Ba6 Bxa6 13. Qxa6 Bf6 14. Rab1
Nxd2 15. Nxd2 cxd4 16. exd4 Re8 17. Nf3 Qc8 18. Qb5 Qb7 19. Rfe1 a6 20. Qd3 Nf8
21. Re3 Re6 22. Rbe1 b5 23. Rxe6 Nxe6 1/2-1/2

[Event "4NCL/Div3/OXF2 vs. SCS"]
[Site "Daventry ENG"]
[Date "2009.10.24"]
[Round "1.2"]
[White "Moyse, Nigel J"]
[Black "Burt, William"]
[Result "1-0"]
[WhiteElo "2055"]
[BlackElo "2162"]
[PlyCount "73"]
[EventDate "2009.10.24"]
[SourceDate "2009.10.24"]

1. Nf3 d5 2. d4 c6 3. e3 e6 4. Bd3 f5 5. g4 Nf6 6. g5 Ne4 7. h4 Bd6 8. Ne5 Bxe5
9. dxe5 Nd7 10. f3 O-O 11. Bxe4 fxe4 12. f4 b6 13. Nc3 a5 14. b3 Ba6 15. Ba3
Nxe5 16. fxe5 Rf3 17. Qd2 b5 18. Bc5 Qc7 19. Qd4 Qf7 20. Ne2 b4 21. Nf4 Rxf4
22. exf4 Qxf4 23. Qe3 Qg4 24. Rd1 Qg2 25. Rg1 Qh2 26. Qf2 Qxe5 27. Bd4 Qc7 28.
Qg3 Qf7 29. g6 hxg6 30. Qxg6 e5 31. Qxf7+ Kxf7 32. Bxe5 Ke6 33. Bxg7 c5 34. h5
Rg8 35. Rg6+ Kf5 36. Rxd5+ Kf4 37. Bh6+ 1-0

[Event "4NCL/Div3/OXF2 vs. SCS"]
[Site "Daventry ENG"]
[Date "2009.10.24"]
[Round "1.3"]
[White "Bruce, David J"]
[Black "Bogoda, Sagara T"]
[Result "0-1"]
[WhiteElo "2079"]
[BlackElo "1874"]
[PlyCount "78"]
[EventDate "2009.10.24"]
[SourceDate "2009.10.24"]

1. e4 e6 2. d4 d5 3. Nd2 Nf6 4. e5 Nfd7 5. Bd3 c5 6. c3 Nc6 7. Ngf3 Qb6 8. O-O
cxd4 9. cxd4 Nxd4 10. Nxd4 Qxd4 11. Nf3 Qb6 12. Qa4 Bc5 13. Qg4 Bf8 14. a3 g6
15. Re1 Nc5 16. Bc2 Nd7 17. b4 Bg7 18. Be3 Qd8 19. Bg5 Qb6 20. Rac1 O-O 21. Qh4
Re8 22. Ba4 Qa6 23. Bxd7 Bxd7 24. Bh6 Bh8 25. Rc7 Qa4 26. Qf4 Rac8 27. Rxc8
Rxc8 28. Ng5 Be8 29. Nxe6 Qxa3 30. Ng5 Rc4 31. Qd2 Qxb4 32. Qe2 Rc3 33. e6 f5
34. e7 Qd6 35. Qb5 Qc6 36. Qe2 Bf6 37. Nf3 Qd6 38. h4 Rc7 39. Bg5 Rxe7 0-1

[Event "4NCL/Div3/OXF2 vs. SCS"]
[Site "Daventry ENG"]
[Date "2009.10.24"]
[Round "1.4"]
[White "Lutton, J Arnold"]
[Black "Scott, David A"]
[Result "1-0"]
[WhiteElo "1823"]
[BlackElo "2058"]
[PlyCount "71"]
[EventDate "2009.10.24"]
[SourceDate "2009.10.24"]

1. e4 c5 2. Nc3 Nc6 3. f4 g6 4. Nf3 Bg7 5. Be2 d6 6. O-O Nf6 7. d3 Bg4 8. Qe1
O-O 9. h3 Bxf3 10. Bxf3 Nd4 11. Bd1 b5 12. Ne2 Nd7 13. c3 Nxe2+ 14. Qxe2 Qb6
15. Kh1 b4 16. Bb3 a5 17. f5 bxc3 18. fxg6 hxg6 19. Qg4 Ne5 20. Qe2 Nxd3 21.
Qxd3 cxb2 22. Bxb2 Bxb2 23. Rab1 a4 24. Bd5 Ra7 25. e5 Kg7 26. Rf2 a3 27. Rbf1
e6 28. Bxe6 Bxe5 29. Bc4 Bd4 30. Rf4 Qd8 31. Rxd4 Ra4 32. Rxd6 Qh4 33. Rxf7+
Rxf7 34. Qxg6+ Kh8 35. Bxf7 Qe1+ 36. Kh2 1-0

[Event "4NCL/Div3/OXF2 vs. SCS"]
[Site "Daventry ENG"]
[Date "2009.10.24"]
[Round "1.5"]
[White "Hadi, Justin"]
[Black "Bogoda, Nathasha O"]
[Result "1-0"]
[WhiteElo "1970"]
[BlackElo "1658"]
[PlyCount "93"]
[EventDate "2009.10.24"]
[SourceDate "2009.10.24"]

1. e4 e6 2. d4 d5 3. e5 c5 4. c3 Qb6 5. a3 Nc6 6. Nf3 Bd7 7. Be2 cxd4 8. cxd4
Nge7 9. b4 a6 10. Bb2 Nf5 11. g4 Nh6 12. Rg1 g6 13. Nc3 Bg7 14. Na4 Qc7 15. Nc5
Ng8 16. Rc1 Nge7 17. a4 Qb6 18. b5 axb5 19. Bxb5 Qc7 20. Ba3 Rc8 21. Qd2 O-O
22. Nxd7 Qxd7 23. g5 Rfd8 24. Qf4 Nf5 25. Bc5 Qc7 26. Kf1 Ncxd4 27. Nxd4 Nxd4
28. Qxd4 Bxe5 29. Qd3 Qb8 30. Kg2 Bf4 31. Be3 Qe5 32. Bxf4 Qxf4 33. Qe3 Qxe3
34. fxe3 Kf8 35. Kf3 Ke7 36. Ke2 Kd6 37. Kd3 Ke5 38. Rgf1 b6 39. Rxc8 Rxc8 40.
Rxf7 Kd6 41. Rxh7 Rc7 42. Rxc7 Kxc7 43. Be8 Kd6 44. Bxg6 Ke7 45. h4 Kf8 46. Kd4
Kg7 47. h5 1-0

[Event "4NCL/Div3/OXF2 vs. SCS"]
[Site "Daventry ENG"]
[Date "2009.10.24"]
[Round "1.6"]
[White "Swain, William"]
[Black "Vikanis, Georgs"]
[Result "0-1"]
[WhiteElo "978"]
[BlackElo "1930"]
[PlyCount "58"]
[EventDate "2009.10.24"]
[SourceDate "2009.10.24"]

1. e4 Nf6 2. Nc3 d5 3. d3 dxe4 4. dxe4 Qxd1+ 5. Nxd1 Nxe4 6. Bc4 Nc6 7. Bf4 e5
8. Bg5 Nxg5 9. Ne3 Bd6 10. Ne2 Be6 11. Bd3 O-O-O 12. O-O e4 13. Bc4 Bxc4 14.
Nxc4 f5 15. Rad1 Ne5 16. Nxd6+ Rxd6 17. Rxd6 cxd6 18. f4 exf3 19. gxf3 Nexf3+
20. Kg2 Re8 21. Nc3 h6 22. Rf2 Nh4+ 23. Kg3 Re3+ 24. Kf4 Ng2+ 25. Kxf5 Nh4+ 26.
Kg4 Ng6 27. Kh5 Ne5 28. h4 Ngf7 29. Nd5 g6# 0-1

[Event "4NCL/Div3/HACK vs. FPONTY"]
[Site "Daventry ENG"]
[Date "2009.10.24"]
[Round "1.1"]
[White "Reid, John"]
[Black "Gilbert, Jonathan A"]
[Result "0-1"]
[WhiteElo "2266"]
[BlackElo "2058"]
[PlyCount "90"]
[EventDate "2009.10.24"]
[SourceDate "2009.10.24"]

1. d4 Nf6 2. c4 c5 3. d5 b5 4. cxb5 a6 5. bxa6 g6 6. Nc3 Bxa6 7. Nf3 d6 8. g3
Bg7 9. Bg2 Nbd7 10. Rb1 O-O 11. O-O Qb6 12. Qc2 Qb7 13. Rd1 Bc4 14. b3 Bxd5 15.
Nxd5 Nxd5 16. Nd2 e6 17. Nc4 Ra6 18. a3 Rb8 19. Rd3 Ne5 20. Nxe5 Bxe5 21. Qc4
Rb6 22. Kh1 Bg7 23. Bf3 Be5 24. Kg2 Bg7 25. Bxd5 exd5 26. Rxd5 Re8 27. e4 Bd4
28. f3 Re6 29. b4 Qa7 30. Rb3 Qa4 31. Bh6 Bg7 32. Be3 Rc6 33. Rd2 h5 34. Rc2
cxb4 35. Qxc6 Qxb3 36. Re2 bxa3 37. Bf4 Bb2 38. Re3 Qd1 39. Qa8+ Kg7 40. Rxa3
Qe2+ 41. Kh3 Qf1+ 42. Kh4 Bf6+ 43. Bg5 Bxg5+ 44. Kxg5 Re5+ 45. Kh4 g5+ 0-1

[Event "4NCL/Div3/HACK vs. FPONTY"]
[Site "Daventry ENG"]
[Date "2009.10.24"]
[Round "1.2"]
[White "Sully, David J"]
[Black "Chin, Francis CW"]
[Result "1/2-1/2"]
[WhiteElo "2119"]
[BlackElo "2223"]
[PlyCount "35"]
[EventDate "2009.10.24"]
[SourceDate "2009.10.24"]

1. e4 e6 2. d4 d5 3. e5 c5 4. c3 Nc6 5. Nf3 Qb6 6. a3 c4 7. Nbd2 f6 8. b3 cxb3
9. Nxb3 fxe5 10. dxe5 Qc7 11. Bf4 Nh6 12. Bd3 Nf7 13. O-O g6 14. Qe2 Bg7 15.
Rfe1 O-O 16. Bg3 Bd7 17. c4 dxc4 18. Bxc4 {scoresheets illegible} 1/2-1/2

[Event "4NCL/Div3/HACK vs. FPONTY"]
[Site "Daventry ENG"]
[Date "2009.10.24"]
[Round "1.4"]
[White "Robinson, David"]
[Black "Hughes, Charles"]
[Result "1-0"]
[WhiteElo "1967"]
[BlackElo "2050"]
[PlyCount "130"]
[EventDate "2009.10.24"]
[SourceDate "2009.10.24"]

1. d4 Nf6 2. Nf3 g6 3. Bf4 Bg7 4. e3 O-O 5. h3 d6 6. Be2 Nbd7 7. O-O Re8 8. Bh2
c5 9. c3 Qb6 10. Qb3 Qxb3 11. axb3 e5 12. dxe5 dxe5 13. Na3 a6 14. Nb5 Rb8 15.
Nd6 Re6 16. Rfd1 b5 17. Ng5 Re7 18. Nxc8 Rxc8 19. Rxa6 c4 20. bxc4 bxc4 21. Ra4
Nb6 22. Rb4 Nfd7 23. Rd6 e4 24. h4 h6 25. Nh3 Re6 26. Rxe6 fxe6 27. Nf4 Kf7 28.
Bg4 Rc6 29. Kf1 g5 30. hxg5 hxg5 31. Ne2 e5 32. Ng3 Nc5 33. Bf5 Kf6 34. Bxe4
Nxe4 35. Nxe4+ Kf5 36. Nd2 Bf8 37. Rb5 Nd7 38. e4+ Ke6 39. Nf3 Bd6 40. Nxg5+
Kf6 41. Nf3 Nc5 42. Ke2 Ke6 43. Nd2 Nd7 44. g4 Nf6 45. f3 Nh7 46. Nf1 Ra6 47.
Ne3 Rc6 48. Nf5 Bc7 49. Rb7 Ng5 50. Nd4+ exd4 51. Rxc7 d3+ 52. Ke3 Rb6 53. Rxc4
Rxb2 54. Bg3 d2 55. Rd4 Rc2 56. Rd6+ Ke7 57. Rd5 d1=Q 58. Rxd1 Rxc3+ 59. Kd4
Rxf3 60. Bh4 Kf6 61. Rb1 Kg6 62. Rb6+ Rf6 63. Rxf6+ Kxf6 64. Kd5 Kg6 65. Bxg5
Kxg5 1-0